Spell the Marvel Character #121 - Statistics

General Stats
  • This quiz has been taken 20 times
  • The average score is 4 of 6
Answer Stats
Picture Answer % Correct
Gamora
94%
Nova
94%
Angel
71%
Armor
71%
Elsa Bloodstone
65%
Lady Fantomex
41%
No matching quizzes found
Score Distribution
Percent of People with Each Score
Percentile by Number Answered
Your Score History
You have not taken this quiz